MARC details
| 000 -CABECERA |
| campo de control de longitud fija |
01248cam a2200337 a 4500 |
| 001 - NÚMERO DE CONTROL |
| campo de control |
000013888 |
| 005 - FECHA Y HORA DE LA ÚLTIMA TRANSACCIÓN |
| campo de control |
20200929163403.0 |
| 008 - DATOS DE LONGITUD FIJA--INFORMACIÓN GENERAL |
| campo de control de longitud fija |
930921s1991 ck 001 0 spa d |
| 020 ## - NÚMERO INTERNACIONAL ESTÁNDAR DEL LIBRO |
| ISBN cancelado o inválido |
9586430006 |
| 040 ## - FUENTE DE LA CATALOGACIÓN |
| Centro catalogador/agencia de origen |
DO-SdBNP |
| Centro/agencia transcriptor |
DLC |
| 082 ## - NÚMERO DE LA CLASIFICACIÓN DECIMAL DEWEY |
| Número de clasificación |
327.86 |
| Número de documento/Ítem |
S232Í |
| 049 ## - FONDOS LOCALES (OCLC) |
| Fondos de biblioteca |
BNGR |
| 245 00 - MENCIÓN DE TÍTULO |
| Título |
Santander y los ingleses, 1832-1840 / |
| Mención de responsabilidad, etc. |
compilado por Malcolm Deas y Efraín Sánchez. |
| 260 ## - PUBLICACIÓN, DISTRIBUCIÓN, ETC. |
| Lugar de publicación, distribución, etc. |
Santafé de Bogotá : |
| Nombre del editor, distribuidor, etc. |
Fundación Francisco de Paula Santander, |
| Fecha de publicación, distribución, etc. |
1991. |
| 300 ## - DESCRIPCIÓN FÍSICA |
| Extensión |
v. ; |
| Dimensiones |
25 cm. |
| 490 1# - MENCIÓN DE SERIE |
| Mención de serie |
Biblioteca de la Presidencia de la República |
| 490 1# - MENCIÓN DE SERIE |
| Mención de serie |
Documentos |
| Designación de volumen o secuencia |
70-71 |
| 500 ## - NOTA GENERAL |
| Nota general |
La biblioteca posee el volumen 1. |
| 500 ## - NOTA GENERAL |
| Nota general |
Incluye índice onomástico. |
| 500 ## - NOTA GENERAL |
| Nota general |
Incluye índice toponímico. |
| 500 ## - NOTA GENERAL |
| Nota general |
Incluye índice temático. |
| 651 #4 - PUNTO DE ACCESO ADICIONAL DE MATERIA--NOMBRE GEOGRÁFICO |
| Nombre geográfico |
Colombia |
| Subdivisión general |
Relaciones Exteriores |
| Subdivisión geográfica |
Gran Bretaña |
| 9 (RLIN) |
31464 |
| 651 #4 - PUNTO DE ACCESO ADICIONAL DE MATERIA--NOMBRE GEOGRÁFICO |
| Nombre geográfico |
Colombia |
| Subdivisión general |
Historia Diplomática |
| Subdivisión cronológica |
1832-1886 |
| 9 (RLIN) |
31465 |
| 651 #4 - PUNTO DE ACCESO ADICIONAL DE MATERIA--NOMBRE GEOGRÁFICO |
| Nombre geográfico |
Gran Bretaña |
| Subdivisión general |
Relaciones Exteriores |
| Subdivisión geográfica |
Colombia |
| 9 (RLIN) |
31466 |
| 700 1# - PUNTO DE ACCESO ADICIONAL--NOMBRE DE PERSONA |
| Nombre de persona |
Deas, Malcolm D., |
| Fechas asociadas al nombre |
1941- |
| Término indicativo de función/relación |
comp. |
| 9 (RLIN) |
31467 |
| 700 1# - PUNTO DE ACCESO ADICIONAL--NOMBRE DE PERSONA |
| Nombre de persona |
Sánchez, Efraín, |
| Término indicativo de función/relación |
comp. |
| 9 (RLIN) |
31468 |
| 830 #0 - PUNTO DE ACCESO ADICIONAL DE SERIE-TÍTULO UNIFORME |
| Título uniforme |
Biblioteca de la Presidencia de la Republica |
| 9 (RLIN) |
7504 |
| 830 #0 - PUNTO DE ACCESO ADICIONAL DE SERIE-TÍTULO UNIFORME |
| Título uniforme |
Documentos ; |
| Designación de volumen o secuencia |
70-71 |
| 9 (RLIN) |
1047 |
| 910 ## - DATOS DE OPCIÓN DEL USUARIO (OCLC) |
| Datos de opción del usuario |
Catalogación por copia / LC |
| 910 ## - DATOS DE OPCIÓN DEL USUARIO (OCLC) |
| Datos de opción del usuario |
WM |